Dalek TV Appearances Quiz Stats

 Plays Quiz not verified by Sporcle

Score 0/39 Timer 10:00
0 Plays Today
Decade Story % Correct
2000sDalek
98.9%
1960sThe Daleks
92.5%
2000sVictory of the Daleks
74.4%
2000sThe Parting of the Ways
73%
2000sBad Wolf
71.5%
2000sDoomsday
71.5%
2000sDaleks in Manhattan
70.5%
2000sEvolution of the Daleks
69.8%
1970sGenesis of the Daleks
69.4%
2000sThe Pandorica Opens
69.4%
2000sThe Big Bang
68.3%
1960sThe Dalek Invasion of Earth
67.6%
2000sJourney's End
66.9%
2000sThe Stolen Earth
66.5%
2000sArmy of Ghosts
65.8%
64.1%
1960sThe Chase
62.3%
1980sResurrection of the Daleks
60.9%
1960sThe Evil of the Daleks
60.1%
1980sRemembrance of the Daleks
59.4%
Decade Story % Correct
1970sDay of the Daleks
58.7%
1980sRevelation of the Daleks
58.4%
1970sPlanet of the Daleks
57.3%
1960sThe Daleks' Master Plan
56.9%
1960sThe Power of the Daleks
55.5%
1970sDestiny of the Daleks
54.8%
1970sDeath to the Daleks
52.3%
1980sThe Five Doctors
45.9%
1960sMission to the Unknown
44.8%
1960sThe War Games
39.5%
1970sFrontier in Space
39.1%
1960sThe Space Museum
38.8%
2000sThe Waters of Mars
37.7%
1980sLogopolis
30.2%
1970sThe Mind of Evil
23.5%
2000sThe Beast Below
22.8%
1960sThe Wheel in Space
15.3%
2000sHuman Nature
15.3%
2000sDoctor Who: Children in Need
7.1%

You're not logged in!

Compare scores with friends on all Sporcle quizzes.
OR
Log In

Show Comments

Extras

Top Quizzes Today


Score Distribution

Your Account Isn't Verified!

In order to create a playlist on Sporcle, you need to verify the email address you used during registration. Go to your Sporcle Settings to finish the process.

Report this User

Report this user for behavior that violates our Community Guidelines.

Details: